000 00515nam a2200157 a 4500
001 000027508
005 20200930030902.0
008 110401s2000 dr ac 000 0 spa d
040 _aDO-SdBNP
_bspa
_cBNPHU
100 1 _aDespradel, Fidelio
_9324
245 1 0 _aAbril 1965 /
_cFidelio Despradel.
260 _aSanto Domingo :
_bEdiciones Librería Dominicana,
_c2000.
_fEditora Manatí
300 _a219 P. :
_bil., retrs. ;
_c21 cm.
500 _aIncluye datos biográficos del autor en la contrasolapa
049 _aBNPD
999 _c27000
_d27000